Dawn breaks in the East : (Record no. 4495)
[ view plain ]
| 000 -LEADER | |
|---|---|
| fixed length control field | 00613nam a22001697a 4500 |
| 003 - CONTROL NUMBER IDENTIFIER | |
| control field | OSt |
| 005 - DATE AND TIME OF LATEST TRANSACTION | |
| control field | 20250923012816.0 |
| 008 - FIXED-LENGTH DATA ELEMENTS--GENERAL INFORMATION | |
| fixed length control field | 250923b |||||||| |||| 00| 0 eng d |
| 020 ## - INTERNATIONAL STANDARD BOOK NUMBER | |
| International Standard Book Number | 1-881614-00-X |
| 040 ## - CATALOGING SOURCE | |
| Original cataloging agency | DWCL-Main lib |
| Transcribing agency | OC |
| 082 ## - DEWEY DECIMAL CLASSIFICATION NUMBER | |
| Classification number | Circ. 276.73 B216 2004 |
| 100 ## - MAIN ENTRY--PERSONAL NAME | |
| Personal name | Bangjiu, P.Z. |
| 245 ## - TITLE STATEMENT | |
| Title | Dawn breaks in the East : |
| Remainder of title | a time revisited (One spiritual warrior's thirty-three year struggle of the church) |
| 260 ## - PUBLICATION, DISTRIBUTION, ETC. | |
| Place of publication, distribution, etc. | no place of publication : |
| Name of publisher, distributor, etc. | Serenity, |
| Date of publication, distribution, etc. | c2004 |
| 300 ## - PHYSICAL DESCRIPTION | |
| Extent | 386 pages : |
| Dimensions | 21 cm. |
| 942 ## - ADDED ENTRY ELEMENTS (KOHA) | |
| Source of classification or shelving scheme | Dewey Decimal Classification |
| Koha item type | Book Circulation |
| Classification part | Circ. 276.73 B216 2004 |
| Call number prefix | Circ. |
| Suppress in OPAC | No |
| 952 ## - LOCATION AND ITEM INFORMATION (KOHA) | |
| -- | |
| Withdrawn status | Lost status | Source of classification or shelving scheme | Damaged status | Not for loan | Home library | Current library | Shelving location | Date acquired | Source of acquisition | Total Checkouts | Full call number | Barcode | Date last seen | Copy number | Price effective from | Koha item type | Uniform Resource Identifier |
|---|---|---|---|---|---|---|---|---|---|---|---|---|---|---|---|---|---|
| Dewey Decimal Classification | College Library | College Library | Circulation | 01/04/2006 | Donation | Circ. 276.73 B216 2004 | CL42632 | 09/23/2025 | c1 | 09/23/2025 | BK-CIRC |